Quiz sur l'Aude - Statistiques

Statistiques générales
  • Ce quiz a été pris 442 fois
  • Le résultat moyen est 15 sur 20
Statistiques - réponses
Question Réponse % Correct
Numéro du département 11
99%
Région Occitanie
98%
Préfecture Carcassonne
97%
Sous-préfecture et plus grande ville Narbonne
92%
Hérault
90%
Pyrénées-Orientales
88%
Spécialité emblématique de la gastronomie française originaire de Castelnaudary, la troisième ville du département. Cassoulet
86%
Haute-Garonne
79%
Départements limitrophes Ariège
77%
Gentilé Audois
75%
Tarn
73%
Etendue d'eau bordant le département. Mer Méditerranée
71%
Le département de l'Aube est souvent appelé le Pays ... dû à la présence passée de ce mouvement religieux dont on retrouve aujourd'hui des vestiges à Quéribus, Peyrepertuse ou Puilaurens. Cathare
70%
Nom donné à la ville haute de la préfecture, inscrite au patrimoine mondial de l'Unesco pour son ensemble médiéval. Cité de Carcassonne
65%
Autre sous-préfecture Limoux
63%
L'Aude est le seul département français à être adossé sur deux ... à la fois. Massifs montagneux
57%
Chanteuse de l'Aude révélée par la Star'Academy et à qui l'on doit La Femme Chocolat Olivia Ruiz
55%
Evènement de la sous-préfecture qui a lieu pendant trois mois, soit l'un des plus longs du monde. Carnaval
47%
Ancienne province à laquelle appartenait l'Aude jusqu'à la Révolution. Languedoc
47%
Nombre d'habitants (arrondi à la dizaine de milliers d'habitants) 370 000 (372 806)
37%
Aucun quiz correspondant
Distribution des résultats
% des personnes avec chaque résultat
Percentile par nombre de réponses
Votre historique - résultats
Vous n’avez pas pris ce quiz